000 00630nam a2200229Ia 4500
003 OSt
005 20221007074851.0
006 a|||||r|||| 00| 0
007 ta
008 221006b |||||||| |||| 00| 0 eng d
024 _a38,119
037 _cTextual
040 _aFLL
_cFLL
_beng
041 _2eng
_aeng
082 _aD854:Z2, P9
100 _aBhatt S.
_9116582
245 0 _aEnvironment protection
_brole of space law, air law
260 _aNew Delhi
_bAPH Publishing Corporation India
_c2009
300 _axx,279p
_ccm.
942 _hD854:Z2, P9
_cTEXL
_2CC
999 _c1153962
_d1153962